Sol power : La evaluación de la arquitectura sostenible

Bibliographic Details
Main Author: Behling, Sophia y Stefan
Format: Section = Libro
Language:Undetermined
Spanish
Published: México Gustavo Gili 2002
Subjects:
LEADER 00588nam a2200205Ia 4500
008 240829s9999 xx 000 0 und d
020 |a 968-887-396-9 
040 |a BIBLIOTECA-RUSB/ 720.472 B419 
041 |a spa 
082 |a 720.472 B419 
100 1 |a Behling, Sophia y Stefan 
245 1 0 |a Sol power : La evaluación de la arquitectura sostenible 
260 |a México  |b Gustavo Gili  |c 2002 
300 |a 240 p. :il. 
650 7 |a ARQUITECTURA - ENERGIA SOLAR 
650 7 |b  ENERGIA SOLAR Y MEDIO AMBIENTE 
650 7 |c  COLECTORES SOLARES 
942 |c BK  |2 ddc 
991 |a TEXTO 
999 |c 5038